Plus grande ville par régions du monde #2 - Statistiques

Statistiques générales
  • Ce quiz a été pris 2 294 fois
  • Le résultat moyen est 13 sur 20
Statistiques - réponses
Région Ville % Correct
Québec Montréal
96%
Péninsule de Corée Séoul
94%
Côte d'Azur Nice
92%
Zone euro Paris
89%
Amérique du Sud São Paulo
85%
Andalousie Séville
84%
Maghreb Casablanca
77%
Ex Yougoslavie Belgrade
74%
Péninsule Malaise Kuala Lumpur
74%
Pays de Galles Cardiff
71%
Toscane Florence
70%
Flandre Anvers
59%
Bassin du Pô Milan
55%
Bohême Prague
54%
Crimée Sébastopol
42%
Sun Belt Los Angeles
40%
Queensland Brisbane
36%
Midwest Chicago
34%
Seeland Copenhague
17%
Polynésie Auckland
9%
Aucun quiz correspondant
Distribution des résultats
% des personnes avec chaque résultat
Percentile par nombre de réponses
Votre historique - résultats
Vous n’avez pas pris ce quiz